LEADER 01222nam0 22003371i 450 001 VAN00043120 005 20260218123958.243 100 $a20060330d1964 |0itac50 ba 101 $aita 102 $aIT 105 $a|||| ||||| 181 $ai$b e 182 $an 183 $anc 200 1 $aˆIl ‰negozio fiduciario$fNicolò Lipari 210 $aMilano$cA. Giuffrè$d1964 215 $a465 p.$d25 cm 316 $aFondo Raffaele Papa$5IT-IT-CE0105 CONSXV.Eb.113 606 $aFiducia$3VANC016955$2FI 620 $dMilano$3VANL000284 676 $a347$v21 700 1$aLipari$bNicolò$3VANV000195$0382529 712 $aGiuffrè $3VANV109181$4650 790 1$aLipari, Nicolo$zLipari, Nicolò$3VANV011853 801 $aIT$bSOL$c20260220$gRICA 856 4 $u/sebina/repository/catalogazione/documenti/fp 28705 _indice_.pdf$zfp 28705 _indice_.pdf 899 $aBIBLIOTECA DEL DIPARTIMENTO DI GIURISPRUDENZA$1IT-CE0105$2VAN00 912 $aVAN00043120 950 $aBIBLIOTECA DEL DIPARTIMENTO DI GIURISPRUDENZA$d00CONS XV.Eb.113 $e00FP 28705 20061023 Fondo Raffaele Papa 996 $aNegozio fiduciario$9677260 997 $aUNICAMPANIA LEADER 01033nlm 2200277Ia 450 001 996709979903316 005 20260224122545.0 100 $a19840822d1692---- uy | 101 0 $aeng 102 $aUK 135 $adrcnu 200 1 $a<> Diary of the siege and surrender of Lymerick$ewith the articles at large, both civil and military 210 1 $aDublin$cPrinted by Robert Thornton and are to be sold by the booksellers$d1692 215 $aTesto elettronico (PDF) (12, 23 p.) 230 $aBase dati testuale 300 $a"Pubblicato da autorità competenti." 300 $a"Gli articoli civili di Lymerick" e "Gli articoli militari di Lymerick" hanno un timbro postale speciale e una numerazione delle pagine separata 300 $aRiproduzione dell'originale presso la British Library 607 $aIrlanda$xStoria$2BNCF 676 $a941.5 801 0$aIT$bcba$cREICAT 912 $a996709979903316 959 $aEB 969 $aER 996 $aDiary of the siege and surrender of Lymerick$94544910 997 $aUNISA